|
|
|
|
| LEADER |
02667nam a22005295i 4500 |
| 001 |
978-3-319-39372-8 |
| 003 |
DE-He213 |
| 005 |
20160603165043.0 |
| 007 |
cr nn 008mamaa |
| 008 |
160603s2016 gw | s |||| 0|eng d |
| 020 |
|
|
|a 9783319393728
|9 978-3-319-39372-8
|
| 024 |
7 |
|
|a 10.1007/978-3-319-39372-8
|2 doi
|
| 040 |
|
|
|d GrThAP
|
| 050 |
|
4 |
|a TK1-9971
|
| 072 |
|
7 |
|a TJK
|2 bicssc
|
| 072 |
|
7 |
|a TEC041000
|2 bisacsh
|
| 082 |
0 |
4 |
|a 621.382
|2 23
|
| 100 |
1 |
|
|a Rong, Bo.
|e author.
|
| 245 |
1 |
0 |
|a 5G Heterogeneous Networks
|h [electronic resource] :
|b Self-organizing and Optimization /
|c by Bo Rong, Xuesong Qiu, Michel Kadoch, Songlin Sun, Wenjing Li.
|
| 264 |
|
1 |
|a Cham :
|b Springer International Publishing :
|b Imprint: Springer,
|c 2016.
|
| 300 |
|
|
|a XII, 52 p. 21 illus.
|b online resource.
|
| 336 |
|
|
|a text
|b txt
|2 rdacontent
|
| 337 |
|
|
|a computer
|b c
|2 rdamedia
|
| 338 |
|
|
|a online resource
|b cr
|2 rdacarrier
|
| 347 |
|
|
|a text file
|b PDF
|2 rda
|
| 490 |
1 |
|
|a SpringerBriefs in Electrical and Computer Engineering,
|x 2191-8112
|
| 505 |
0 |
|
|a Adaptive SON and Smart LPN for 5G Heterogeneous Networks -- Intelligent SDN and NFV for 5G HetNet Dynamics -- Massive MIMO Coordination in 5G Heterogeneous Networks -- Conclusion and Future Research Directions.
|
| 520 |
|
|
|a This SpringerBrief provides state-of-the-art technical reviews on self-organizing and optimization in 5G systems. It covers the latest research results from physical-layer channel modeling to software defined network (SDN) architecture. This book focuses on the cutting-edge wireless technologies such as heterogeneous networks (HetNets), self-organizing network (SON), smart low power node (LPN), 3D-MIMO, and more. It will help researchers from both the academic and industrial worlds to better understand the technical momentum of 5G key technologies.
|
| 650 |
|
0 |
|a Engineering.
|
| 650 |
|
0 |
|a Computer communication systems.
|
| 650 |
|
0 |
|a Computers.
|
| 650 |
|
0 |
|a Electrical engineering.
|
| 650 |
1 |
4 |
|a Engineering.
|
| 650 |
2 |
4 |
|a Communications Engineering, Networks.
|
| 650 |
2 |
4 |
|a Computer Communication Networks.
|
| 650 |
2 |
4 |
|a Information Systems and Communication Service.
|
| 700 |
1 |
|
|a Qiu, Xuesong.
|e author.
|
| 700 |
1 |
|
|a Kadoch, Michel.
|e author.
|
| 700 |
1 |
|
|a Sun, Songlin.
|e author.
|
| 700 |
1 |
|
|a Li, Wenjing.
|e author.
|
| 710 |
2 |
|
|a SpringerLink (Online service)
|
| 773 |
0 |
|
|t Springer eBooks
|
| 776 |
0 |
8 |
|i Printed edition:
|z 9783319393711
|
| 830 |
|
0 |
|a SpringerBriefs in Electrical and Computer Engineering,
|x 2191-8112
|
| 856 |
4 |
0 |
|u http://dx.doi.org/10.1007/978-3-319-39372-8
|z Full Text via HEAL-Link
|
| 912 |
|
|
|a ZDB-2-ENG
|
| 950 |
|
|
|a Engineering (Springer-11647)
|